00813 2200289 4500001002100000005001700021008004100038020002200079035002400101040001200125041000800137082001400145084001400159090001800173100002400191245009000215260003900305300003100344500001100375504002500386650001500411650002200426650001900448700002200467850001200489990002200501INLIS00000000003310920180125145624.0  a978-602-234-017-1 0010-011800000000254 aYOPDYOG0 aind042[23]a675 a675 Suh T aDEP 675 Suh T0 aSUHARJONO TRIATMOJO1 aTeknologi pengolahan kulit sapic/ Suharjono Triatmojo; penyunting, Andina Ken Soraya aYogyakartabCitra Aji Paramac2012 a80 hlm.b: ilus.c; 30 cm. aIndeks aBibliografi: hlm. 78 4aPenyamakan 4aKulitxPengawetan 4aKulit binatang0 aAndina Ken Soraya aYOPDYOG aCB-D.11/2012-2803